| 000 | 01279cam a2200325 a 4500 | ||
|---|---|---|---|
| 001 | 6499 | ||
| 003 | FISKH | ||
| 005 | 20250808150924.0 | ||
| 008 | 090626s2010 paua j 000 0 eng | ||
| 010 | _a 2009024075 | ||
| 020 | _a9781590787526 (hardcover : alk. paper) | ||
| 020 | _a1590787528 (hardcover : alk. paper) | ||
| 020 | _a9780545484305 | ||
| 040 |
_aDLC _cDLC _dDLC _beng |
||
| 050 | _aPZ7 | ||
| 082 | _a510 | ||
| 100 | 1 |
_aCampbell, Sarah C., _d1966- |
|
| 245 | 1 | 0 |
_aGrowing patterns : _bFibonacci numbers in nature / _cSarah C. Campbell ; photographs by Sarah C. Campbell and Richard P. Campbell. |
| 260 |
_aNew York : _bScholastic, _c2010 |
||
| 300 |
_a32 pages : _bcolor illustrations ; _c19 x 28 cm |
||
| 520 | _aWhat's the biggest mathematical mystery in nature? Fibonacci numbers! The pattern creeps up in the most unexpected places. It's clear that math holds secrets to nature and that nature holds secret numbers. | ||
| 650 | 0 |
_aFibonacci numbers _vJuvenile literature. |
|
| 650 | 0 |
_aMathematics in nature _vJuvenile literature. |
|
| 650 | 1 | _aFibonacci numbers. | |
| 650 | 1 | _aMathematics in nature. | |
| 700 | 1 |
_aCampbell, Richard P. _eillustrator |
|
| 906 |
_a7 _bcbc _corignew _d1 _eecip _f20 _gy-gencatlg |
||
| 942 |
_2ddc _cBK _n0 |
||
| 999 |
_c6499 _d6499 |
||